00821nam a2200217 i 450000100060000000300090000600500170001500700030003200800410003510000310007624500930010726000420020030000220024249000430026465000280030770000480033583000510038385200310043499900170046595201210048265107ES-MaACL20250727033920.0t|040108s1952 sp ||||1| spa d1 aFraigneux, Maurice.95209710aComunismo, mística humana / cMaurice Fraigneux ; prólogo del Conde Carton de Wiart. aMadrid : bAtenas, c[1952] (fHalar) a397 p. ; c22 cm.1 aRazonemos nuestra fé. Serie II ; v1 7aComunismo2embne9112111 aCarton de Wiart, Henry (d1869-1951)9359050 aRazonemos nuestra fé. Serie II ; v19184062 aES-MaACLjD-9118 bR.34040 c65107d65107 00104070aATENEOMbATENEOMcSVId2008-01-17eSCl0oD-9118p901068216r2023-02-23 00:00:00w2023-02-23yMONOGRAFIA